000 00957nam1a22002291i 4500
001 rc\3237537
005 20240921124923.0
035 _a(NLR Aleph) 007474568
090 _a7451742
_c7451742
100 _a20130115g1973 |||y0rusy50 ca
101 0 _arus
102 _aRU
105 _a z |||||
200 1 _aДальний Восток в период восстановления народного хозяйства
_eТ. 1-
_fТом. гос. ун-т им. В.В. Куйбышева
210 _aТомск
_cИзд-во Том. ун-та
_d1973-
215 _d21
607 _aДальний Восток СССР
_xЭкономическая история
_z1922-1926
_2psbo
700 1 _4340
_7ca
_8rus
_aФлеров
_bВ. С.
_cд-р ист. наук, история КПСС
_f1922-1991
_gВасилий Сергеевич
_9254068
_3RU\NLR\AUTH\770254124
801 0 _aRU
_bNLR
_gpsbo
801 1 _aRU
_bELAR
_2rusmarc
852 _aNLR
_j73-5/7299
942 _cBOOK